000 00609nam a22001937a 4500
003 OSt
005 20260611151624.0
008 260611b |||||||| |||| 00| 0 eng d
020 _a0761931228
040 _cChuka University Library
050 _aLB 3013 .T5 2003
100 _aTeliston, Donna Walker
_928633
245 _aWhat Every Teacher Should Know About: Classroom Management and Discipline
260 _aCalifornia
_bCorwin Press
_c2003
300 _aVarious paging
_bIncludes References, Index
650 _aClassroom Management
_911400
650 _aDiscipline
_928634
942 _2lcc
_cBK
_n0
999 _c24013
_d24013